ARRUPE JESUIT UNIVERSITY

CORONAVIRUS -STOP THE SPREAD - CLEAN,DISINFECT,COVER

Kwame Nkrumah : (Record no. 118688)

MARC details
000 -LEADER
fixed length control field 01186pam a2200313 a 4500
001 - CONTROL NUMBER
control field 4361059
003 - CONTROL NUMBER IDENTIFIER
control field ARRUPE
005 - DATE AND TIME OF LATEST TRANSACTION
control field 20131126132230.0
008 - FIXED-LENGTH DATA ELEMENTS--GENERAL INFORMATION
fixed length control field 901031s1990 enka b 001 0aeng
010 ## - LIBRARY OF CONGRESS CONTROL NUMBER
LC control number 90023173
020 ## - INTERNATIONAL STANDARD BOOK NUMBER
International Standard Book Number 0901787531
020 ## - INTERNATIONAL STANDARD BOOK NUMBER
International Standard Book Number 090178754X (pbk.)
040 ## - CATALOGING SOURCE
Original cataloging agency DLC
Transcribing agency DLC
Modifying agency DLC
043 ## - GEOGRAPHIC AREA CODE
Geographic area code f-gh---
-- f-gv---
050 00 - LIBRARY OF CONGRESS CALL NUMBER
Classification number DT512.3.N57
Item number A4 1990
082 00 - DEWEY DECIMAL CLASSIFICATION NUMBER
Classification number 966.705/092
Edition number 20
300 ## - PHYSICAL DESCRIPTION
Other physical details ill. ;
Dimensions 24 cm.
100 1# - MAIN ENTRY--PERSONAL NAME
Personal name Nkrumah, Kwame,
Dates associated with a name 1909-1972.
9 (RLIN) 3869
245 10 - TITLE STATEMENT
Title Kwame Nkrumah :
Remainder of title the Conakry years, his life and letters /
Statement of responsibility, etc compiled by June Milne.
260 ## - PUBLICATION, DISTRIBUTION, ETC. (IMPRINT)
Place of publication, distribution, etc London ;
-- Atlantic Highlands, N.J., USA :
Name of publisher, distributor, etc PANAF,
Date of publication, distribution, etc 1990.
300 ## - PHYSICAL DESCRIPTION
Extent x, 422 p. :
504 ## - BIBLIOGRAPHY, ETC. NOTE
Bibliography, etc Includes bibliographical references and index.
600 10 - SUBJECT ADDED ENTRY--PERSONAL NAME
Personal name Nkrumah, Kwame,
Dates associated with a name 1909-1972
General subdivision Correspondence.
9 (RLIN) 3870
600 10 - SUBJECT ADDED ENTRY--PERSONAL NAME
Personal name Nkrumah, Kwame,
Dates associated with a name 1909-1972
General subdivision Exile
Geographic subdivision Guinea
-- Conakry.
9 (RLIN) 3871
650 #0 - SUBJECT ADDED ENTRY--TOPICAL TERM
Topical term or geographic name as entry element Presidents
Geographic subdivision Ghana
General subdivision Correspondence.
9 (RLIN) 3872
700 1# - ADDED ENTRY--PERSONAL NAME
Personal name Milne, June,
Dates associated with a name 1920-
9 (RLIN) 3873
906 ## - LOCAL DATA ELEMENT F, LDF (RLIN)
a 7
b cbc
c orignew
d 1
e ocip
f 19
g y-gencatlg
942 ## - ADDED ENTRY ELEMENTS (KOHA)
Source of classification or shelving scheme Library of Congress Classification
Koha item type Monograph ( Printed materials)
Holdings
Withdrawn status Lost status Source of classification or shelving scheme Damaged status Not for loan Home library Current library Date acquired Total Checkouts Full call number Barcode Date last seen Price effective from Koha item type
    Library of Congress Classification     ARRUPE LIBRARY ARRUPE LIBRARY 26/11/2013   DT512.3.N57 A4 1990 46410197 07/12/2017 26/11/2013 Monograph ( Printed materials)

 

Arrupe Library. PO Box MP320 Mt Pleasant, Harare, Zimbabwe
263 242 745411|librarian@aju.ac.zw